[Event "CAN-ch U16"]
[Site "Windsor"]
[Date "2015.07.06"]
[Round "1.10"]
[White "Nyayachavadi, Anish Anand"]
[Black "Preotu, Razvan"]
[Result "0-1"]
[WhiteElo "1560"]
[BlackElo "2636"]
[PlyCount "90"]
[EventDate "2015.07.06"]
[EventType "swiss"]
[EventRounds "7"]
[EventCountry "CAN"]
[SourceTitle "EXT 2022"]
[Source "ChessBase"]
[SourceDate "2021.10.06"]
[SourceVersion "1"]
[SourceVersionDate "2021.10.06"]
[SourceQuality "1"]

1. d4 Nf6 2. c4 e6 3. Nc3 Bb4 4. f3 d5 5. a3 Bxc3+ 6. bxc3 c5 7. cxd5 Nxd5 8. dxc5 f5 9. Qc2 0-0 10. e4 fxe4 11. fxe4 Nf4 12. Bxf4 Rxf4 13. Nf3 Qa5 14. Qd3 Qxc5 15. Qd8+ Rf8 16. Qd4 Qc7 17. Be2 Nc6 18. Qe3 Qf4 19. Qxf4 Rxf4 20. Bd3 Bd7 21. 0-0 Rc8 22. e5 h6 23. Rad1 Be8 24. Bb5 a6 25. Bxc6 Bxc6 26. Nd4 Rxf1+ 27. Rxf1 Bd5 28. Rc1 Rc5 29. c4 Rxc4 30. Rxc4 Bxc4 31. Kf2 Kf7 32. Ke3 Bd5 33. g3 Kg6 34. Kf4 Kh5 35. h3 g5+ 36. Ke3 Kg6 37. a4 b6 38. Kf2 Kf7 39. Ke2 Bg2 40. h4 Bd5 41. Kf2 Kg6 42. Kg1 gxh4 43. gxh4 Kh5 44. Kh2 Kxh4 45. Ne2 Kg4 0-1